Philippe II et Don Carlos devant l'histoire / (Registro nro. 154840)

Detalles MARC
000 -LEADER
campo de control de longitud fija 00867nam a22002175i 4500
001 - NÚMERO DE CONTROL
campo de control 154840
003 - IDENTIFICADOR DE NÚMERO DE CONTROL
campo de control ES-MaACL
005 - FECHA Y HORA DE LA ÚLTIMA TRANSACCIÓN
campo de control 20250821111655.0
008 - DATOS DE LONGITUD FIJA--INFORMACIÓN GENERAL
campo de control de longitud fija 991001s1878 fr |||| | fre d
040 ## - FUENTE DE CATALOGACIÓN
Centro catalogador/agencia de origen CAM
Lengua de catalogación spa
Centro/agencia transcriptor CAM
100 1# - ENTRADA PRINCIPAL--NOMBRE DE PERSONA
Nombre de persona Güell y Renté, José (
Fechas asociadas al nombre 1818-1884)
9 (RLIN) 127739
245 10 - MENCIÓN DEL TÍTULO
Título Philippe II et Don Carlos devant l'histoire /
Mención de responsabilidad, etc. par José Güell y Renté ; ouvrage orné de XI portraits a l'eau forte par A. Muraton...
260 ## - PUBLICACIÓN, DISTRIBUCIÓN, ETC.
Lugar de publicación, distribución, etc. Paris :
Nombre del editor, distribuidor, etc. Calmann Lévy, éditeur,
Fecha de publicación, distribución, etc. 1878.
300 ## - DESCRIPCIÓN FÍSICA
Extensión VIII, X, 353 p., [11] h. de lám. ;
Dimensiones 22 cm.
600 04 - PUNTO DE ACCESO ADICIONAL DE MATERIA--NOMBRE DE PERSONA
Nombre de persona Felipe
Numeración II,
Títulos y otros términos asociados al nombre Rey de España
9 (RLIN) 49175
600 14 - PUNTO DE ACCESO ADICIONAL DE MATERIA--NOMBRE DE PERSONA
Nombre de persona Austria, Carlos de,
Títulos y otros términos asociados al nombre Príncipe de Asturias,
Fechas asociadas al nombre 1545-1568
9 (RLIN) 23963
651 #4 - PUNTO DE ACCESO ADICIONAL DE MATERIA--NOMBRE GEOGRÁFICO
Nombre geográfico España-
Subdivisión general Historia-
Subdivisión cronológica 1556-1598, Felipe II.
9 (RLIN) 8218
700 1# - ENTRADA AGREGADA--NOMBRE PERSONAL
Nombre de persona Muraton, A.
9 (RLIN) 130288
852 ## - LOCALIZACIÓN
Ubicación ES-MaACL
Número de control de estantería G-7986
Nota libre -- Enc. hol.
Existencias
Estatus retirado Estado de pérdida Estado de daño No para préstamo Colección Biblioteca de origen Biblioteca actual Ubicación en estantería Fecha de adquisición Total de préstamos Signatura topográfica completa Código de barras Visto por última vez Precio de reemplazo Tipo de ítem Koha
        Libros del s. XIX Biblioteca del Ateneo de Madrid Biblioteca del Ateneo de Madrid Sala Pecera Planta 3 17/01/2008   G-7986 1161963 23/02/2023 23/02/2023 Libro impreso antiguo